[Event "Leiden SB-ch 1819"]
[Site "Leiden"]
[Date "2019.06.21"]
[Round "9"]
[White "Versteegen, Ischa"]
[Black "Kuiper, Machiel"]
[Result "0-1"]
[WhiteElo "1477"]
[BlackElo "1483"]
[PlyCount "66"]
[EventDate "2018.10.19"]
[EventType "swiss"]
[EventRounds "9"]
[EventCountry "NED"]
[SourceTitle "EXT 2023"]
[Source "ChessBase"]
[SourceDate "2022.10.05"]
[SourceVersion "1"]
[SourceVersionDate "2022.10.05"]
[SourceQuality "1"]

1. e4 d6 2. d4 Nf6 3. Nc3 Nbd7 4. Bd3 e5 5. d5 Be7 6. Bg5 Nxd5 7. Nxd5 Bxg5 8. Nf3 Bf6 9. 0-0 Nc5 10. Qe2 Nxd3 11. Qxd3 0-0 12. Rfe1 c6 13. Nc3 Qc7 14. Red1 Be7 15. h3 Be6 16. Qe3 Qb6 17. Qc1 Rad8 18. Rb1 f5 19. Ng5 Bxg5 20. Qxg5 f4 21. Qe7 Rfe8 22. Qg5 Qc7 23. f3 Qe7 24. Qh5 Qf6 25. Rxd6 g6 26. Rxd8 Rxd8 27. Qh6 Rd2 28. Rc1 Qd8 29. h4 Qd4+ 30. Kh1 Qd8 31. h5 Qh4+ 32. Kg1 Qf2+ 33. Kh1 Qxg2# 0-1

[Event "Leiden SB-ch 1819"]
[Site "Leiden"]
[Date "2018.12.07"]
[Round "3"]
[White "Versteegen, Ischa"]
[Black "Brunner, Otto"]
[Result "1/2-1/2"]
[WhiteElo "1477"]
[BlackElo "1214"]
[PlyCount "136"]
[EventDate "2018.10.19"]
[EventType "swiss"]
[EventRounds "9"]
[EventCountry "NED"]
[SourceTitle "EXT 2023"]
[Source "ChessBase"]
[SourceDate "2022.10.05"]
[SourceVersion "1"]
[SourceVersionDate "2022.10.05"]
[SourceQuality "1"]

1. e4 c5 2. c4 e5 3. d3 d6 4. Nf3 Nc6 5. Nc3 Nf6 6. Bg5 Be7 7. h3 a6 8. Be2 0-0 9. 0-0 Nd4 10. Nxd4 cxd4 11. Nb1 Nd7 12. Bxe7 Qxe7 13. Nd2 a5 14. Nf3 Nc5 15. Qd2 h6 16. Rac1 b6 17. b3 Na6 18. Rfd1 Nb4 19. Ra1 Bd7 20. Qc1 Na6 21. Qd2 Be6 22. Qc1 Nc5 23. Qc2 Bd7 24. Qc1 Ne6 25. Qd2 Ng5 26. Nxg5 Qxg5 27. Qxg5 hxg5 28. Bg4 Bxg4 29. hxg4 f6 30. Kh2 Kf7 31. Kg3 Rh8 32. Rh1 Kg6 33. Rh3 Rh6 34. Rah1 Rb8 35. f3 b5 36. Rc1 bxc4 37. Rxc4 Rb6 38. Kf2 Rb5 39. Ke2 d5 40. Rc1 dxe4 41. dxe4 a4 42. Rb1 axb3 43. axb3 Ra5 44. Rxh6+ gxh6 45. Rb2 h5 46. gxh5+ Kxh5 47. b4 Rb5 48. Kd3 Kh4 49. Kc4 Rb8 50. b5 Rc8+ 51. Kd5 Kg3 52. b6 Kf4 53. b7 Rb8 54. Kc6 f5 55. exf5 Kxf5 56. Kc7 Rf8 57. b8Q Rxb8 58. Kxb8 g4 59. Kc7 gxf3 60. gxf3 Kf4 61. Rb3 e4 62. fxe4 Kxe4 63. Rb1 Kd3 64. Kc6 Kc2 65. Rh1 d3 66. Kc5 d2 67. Kc4 d1Q 68. Rxd1 Kxd1 1/2-1/2